• 首页
  • 本馆介绍
  • 公告通知
  • 最新文献
  • 馆藏检索
  • 电子资源
  • 读者导购
  • 参考咨询
  • 我的图书馆
  • 登录
  • 详细信息显示
  • 放入我的书架
  • 预约/预借图书
  • 作者相关作品
  • 分类相关作品
  • 丛书相关作品
  • 出版社相关作品

书目信息

  • 表格格式
  • 工作单格式
  • 卡片格式
题名:
造梦空间
    
 
作者: 陈江 , 沈寓实 著
分册:  
出版信息: 上海   上海人民出版社  2016.05
页数: 229页
开本: 24cm
丛书名:
单 册:
中图分类: F832.29
科图分类:
主题词: 互联网络--hu lian wang luo--应用--金融--研究--中国
电子资源:
ISBN: 978-7-208-13775-2
000 01220nam0 2200289 450
001 CAL 0120161861496
005 20170620152147.56
010    @a978-7-208-13775-2@b@dCNY38.00
100    @a20160621d2016 em y0chiy50 ea
101 0  @achi
102    @aCN@b310000
105    @ay a 000yy
106    @ar
200 1  @a造梦空间@Azao meng kong jian@e网络、金融与中国机遇@d= The new space for creating dreams@ecyber space, financial space and China opportunity@f陈江, 沈寓实著@g@zeng
210    @a上海@c上海人民出版社@d2016.05
215    @a229页@c@d24cm
320    @a有书目 (第224-226页)
330    @a本书以网络空间、金融重构为两大着力点, 强调了“云”在网络空间中的神经中枢地位, 介绍了网络空间的云管端架构、信息服务、安全隐私与物理和金融空间融合的大趋势以及中国面临的大机遇。
510 1  @aNew space for creating dreams@ecyber space, financial space and China opportunity@zeng
517 1  @a网络、金融与中国机遇@Awang luo 、 jin rong yu zhong guo ji yu
606 0  @a互联网络@Ahu lian wang luo@x应用@x金融@x研究@y中国
690    @aF832.29@v5
701  0 @a陈江@Achen jiang@4著
701  0 @a沈寓实@Ashen yu shi@4著
801  0 @aCN@bZHONGJIAO@c20170609@g
905    @aBZT@dF832.29@e2
906    @dCNY38.00@n3@r1
    
    造梦空间:网络、金融与中国机遇= The new space for creating dreams:cyber space, financial space and China opportunity/陈江, 沈寓实著.-上海:上海人民出版社,2016.05
    229页;24cm
    
    
    ISBN 978-7-208-13775-2:CNY38.00
    本书以网络空间、金融重构为两大着力点, 强调了“云”在网络空间中的神经中枢地位, 介绍了网络空间的云管端架构、信息服务、安全隐私与物理和金融空间融合的大趋势以及中国面临的大机遇。
●
相关链接 在五车中查询图书 在当当中查询图书 在豆瓣中查询图书


正题名:造梦空间     索取号:F832.29/2         预约/预借

序号 登录号 条形码 馆藏地/架位号 状态 备注
1 831341   2000831341   第二书库/ [索取号:F832.29/2] 在馆    
2 831342   2000831342   第二书库/ [索取号:F832.29/2] 在馆    
3 831343   2000831343   第二书库/ [索取号:F832.29/2] 在馆    
山东省滨州职业学院图书馆 欢迎您!
大连网信软件有限公司© 版权所有